000
00345nam a2200145Ia 4500
008
231217s9999 xx 000 0 und d
041
_a
English
082
_a
001.6424SOL SUN;1 R
100
_a
Sunsoft
245
0
_a
Solaris porting guide
260
_c
1995
_b
Sunsoft
_a
US
300
_a
xlvi, 696
650
_a
Solaros,porting
942
_c
AA
999
_c
182438
_d
182438